[Event "Remote email"]
[Site "Remote email"]
[Date "2013.05.14"]
[Round "?"]
[White "Klein, Werner"]
[Black "Kath, Jochen"]
[Result "0-1"]
[WhiteElo "1730"]
[BlackElo "2303"]
[PlyCount "66"]
[EventDate "2013.??.??"]
[EventType "tourn (corr)"]
[EventRounds "6"]
[EventCountry "GER"]
[SourceTitle "Corr 2015"]
[Source "ChessBase"]
[SourceDate "2015.07.17"]
[SourceVersion "1"]
[SourceVersionDate "2015.07.17"]
[SourceQuality "1"]

1. e4 c6 2. d4 d5 3. Nc3 dxe4 4. Nxe4 Bf5 5. Ng3 Bg6 6. c3 e6 7. Bd3 Nf6 8. N1e2 Bxd3 9. Qxd3 Bd6 10. 0-0 Qc7 11. f4 0-0 12. f5 e5 13. Ne4 Nxe4 14. Qxe4 Nd7 15. Bg5 exd4 16. Nxd4 Bxh2+ 17. Kh1 Be5 18. Bf4 Rae8 19. g4 c5 20. Nb5 Bxf4 21. Nxc7 Rxe4 22. Rad1 Ne5 23. Nd5 Bg5 24. f6 g6 25. Rg1 Nxg4 26. Rdf1 Rd8 27. c4 Rxc4 28. Nc3 Rd3 29. Nb5 h5 30. Re1 Rh3+ 31. Kg2 Rh2+ 32. Kf3 Rf4+ 33. Kg3 h4# 0-1

[Event "Remote email"]
[Site "Remote email"]
[Date "2012.10.29"]
[Round "?"]
[White "Kath, Jochen"]
[Black "Jaeger, Willy"]
[Result "1-0"]
[WhiteElo "2304"]
[BlackElo "2062"]
[PlyCount "69"]
[EventDate "2012.??.??"]
[EventType "tourn (corr)"]
[EventRounds "6"]
[EventCountry "GER"]
[SourceTitle "Corr 2015"]
[Source "ChessBase"]
[SourceDate "2015.07.17"]
[SourceVersion "1"]
[SourceVersionDate "2015.07.17"]
[SourceQuality "1"]

1. d4 Nf6 2. c4 e6 3. Nf3 b6 4. a3 Bb7 5. Nc3 d5 6. Bg5 Be7 7. Qc2 Nbd7 8. cxd5 exd5 9. e3 0-0 10. Bd3 c5 11. Bf4 Rc8 12. Rd1 g6 13. 0-0 a6 14. Qe2 b5 15. dxc5 Nxc5 16. Bb1 Re8 17. Ba2 Nce4 18. Nxe4 Nxe4 19. Be5 Bf6 20. Bxf6 Nxf6 21. Qd3 Ne4 22. Rc1 Nc5 23. Qd4 Ne6 24. Qd2 Qf6 25. h3 Red8 26. Rxc8 Rxc8 27. Rd1 h6 28. Rc1 Rd8 29. Nd4 Nxd4 30. Qxd4 Qxd4 31. exd4 Rd7 32. h4 Re7 33. Kf1 Kg7 34. Rc5 Rd7 35. Bb1 1-0